Statistics for Countries That Visit London the Most

Click here to take the quiz!

General Stats

  • This quiz has been taken 154 times
  • The average score is 9 of 10

Answer Stats

# VisitsCountry% Correct
1.8 mUnited States
100%
1.9 mFrance
98%
0.8 mSpain
97%
1.3 mGermany
95%
1.0 mItaly
90%
0.7 mNetherlands
90%
0.6 mIreland
84%
0.5 mBelgium
82%
0.7 mAustralia
78%
0.5 mSweden
75%

Score Distribution

Percentile by Number Answered

Percent of People with Each Score

Your Score History

You have not taken this quiz